000 00228 a2200097 4500
001 48248
100 _aM Maruf
245 _aContributions to Iqbal's thought
260 _aLahore
_bIslamic book service
_c
090 _c31203
_d31203
942 _aNUST-CAE
_cM
_c23563
999 _c283321
_d283321